El sentido misional de la conquista de América
Tallennettuna:
| Päätekijä: | |
|---|---|
| Aineistotyyppi: | Kirja |
| Kieli: | espanja |
| Julkaistu: |
Buenos Aires
Dictio
1980
|
| Aiheet: | |
| Tagit: |
Lisää tagi
Ei tageja, Lisää ensimmäinen tagi!
|
MARC
| LEADER | 00000nam a2200000 a 4500 | ||
|---|---|---|---|
| 001 | UCO2916 | ||
| 003 | CL-VaPUC | ||
| 008 | 000608e19800000AG |||||||||||||||||spa|d | ||
| 082 | 0 | 4 | |a 980.013 |b SIE |2 21 |
| 100 | 0 | |a Sierra, Vicente D |e author |9 446657 | |
| 245 | 1 | 3 | |a El sentido misional de la conquista de América |
| 300 | |a 564 p | ||
| 942 | |c BK | ||
| 945 | |d 20000608 00:00:00 |a rherrera | ||
| 260 | |a Buenos Aires |b Dictio |c 1980 | ||
| 650 | 7 | |a HISTORIA DE AMERICA SIGLO 15 |2 CL-VaPUC |9 446291 | |
| 650 | 0 | |a Descubrimiento y Conquista de América |9 446281 | |
| 650 | 0 | |a Misioneros |9 324171 | |
| 650 | 7 | |a CONQUISTADORES |2 CL-VaPUC |9 446658 | |
| 650 | 0 | |a Derecho Indiano |9 256266 | |
| 651 | 0 | |a América |9 255182 | |
| 583 | |a last modification |c 20160817 01:13:47 |k Rodrigo Vera | ||
| 999 | |c 289406 |d 289404 | ||
| 952 | |0 0 |1 0 |4 0 |6 980_013000000000000_SIE_1980 |7 0 |8 A |9 337779 |a BIBHIS |b BIBHIS |d 2019-11-20 |i 1289136 |o 980.013 SIE 1980 |p 1289136 |r 2025-01-20 |w 2019-11-20 |y BK |k HIS | ||